000 00924nam a22003137a 4500
003 CHAP
005 20220817041006.0
008 971013s1985 r 00010 d
010 _a4117
011 _a5089
035 _a4295
040 _cCHAP
090 _aFolleto 13315
100 0 0 _aLlangarí B., Pedro.
_967260
245 _aYogurt un alimento para todos
260 _aQuito :
_bINIAP. Extación Experimental Santa Catalina,
_c1985
300 _a8 p.
_b; ilus
490 _aBoletín divulgativo
_v; 176
500 _aD52-200
590 _aBATCH-UPD
_b10
_c20130110
_lUCH01
_h1315
590 _aBATCH-UPD
_b10
_c20130410
_lUCH01
_h0827
590 _aBATCH-UPD
_b10
_c20130914
_lUCH01
_h0651
590 _aCONVERSION
_b10
_c20130109
_lUCH01
_h1303
650 1 4 _aYogurt.
_9123161
830 0 _aBoletín divulgativo
_v; 176
901 _aBK
942 _cFOLL
949 _aFolleto 13315
_bBC
_cFOLL
_d-13831
_eTS1
_i4295
_mD
_si
999 _c4117
_d4117